15 Largest Cities in Poland🇵🇱 - Statistics

General Stats
  • This quiz has been taken 144 times
  • The average score is 11 of 15
Answer Stats
Population City % Correct
1.7 mil Warsaw
100%
755k Krakow
99%
461k Gdansk
98%
768k Lodz
91%
634k Wroclaw
87%
317k Katowice
86%
407k Szczecin
86%
570k Poznan
84%
360k Lublin
77%
291k Bialystok
70%
253k Gdynia
70%
366k Bydgoszcz
62%
248k Czestochowa
47%
226k Radom
40%
227k Sosnowiec
28%
No matching quizzes found
Score Distribution
Percent of People with Each Score
Percentile by Number Answered
Your Score History
You have not taken this quiz